[Event "St Petersburg-ch Seniors Rapid (Women)"]
[Site "St Petersburg"]
[Date "2022.10.04"]
[Round "7"]
[White "Saunina, Ludmila"]
[Black "Aseeva, Marina"]
[Result "1/2-1/2"]
[WhiteElo "1867"]
[BlackElo "2119"]
[PlyCount "103"]
[EventDate "2022.10.03"]
[EventType "swiss (rapid)"]
[EventRounds "10"]
[EventCountry "RUS"]
[SourceTitle "EXT 2024"]
[Source "ChessBase"]
[SourceDate "2023.10.10"]
[SourceVersion "1"]
[SourceVersionDate "2023.10.10"]
[SourceQuality "1"]

1. d4 d5 2. Nf3 Nf6 3. c4 c6 4. e3 e6 5. Nbd2 Nbd7 6. b3 Bd6 7. Bb2 0-0 8. Bd3 Qe7 9. Ne5 c5 10. 0-0 cxd4 11. exd4 dxc4 12. bxc4 Ba3 13. Bc3 Nxe5 14. dxe5 Nd7 15. Qh5 g6 16. Qh6 Nc5 17. Bc2 Rd8 18. Nf3 Qf8 19. Qh4 Bd7 20. Bd4 Bc6 21. Rad1 Na6 22. Ng5 Qg7 23. Be4 Be7 24. Bxc6 Bxg5 25. Qxg5 bxc6 26. Bxa7 Re8 27. Be3 Nb4 28. Rd7 Rxa2 29. h4 Ra5 30. f4 h6 31. Qg3 Ra3 32. Qf2 Rea8 33. Rfd1 Ra2 34. Qf3 R2a3 35. Qe4 Ra1 36. Kh2 Rxd1 37. Rxd1 Qf8 38. Rd2 Rc8 39. Qd4 c5 40. Qc3 Nc6 41. Rd6 Ne7 42. Qd3 Nf5 43. Rd7 Nxh4 44. g4 Nf3+ 45. Kg3 Nd4 46. Bxd4 cxd4 47. Qxd4 Qa3+ 48. Kh4 Qc5 49. Rd8+ Kg7 50. Qxc5 Rxc5 51. Rd4 Ra5 52. Kg3 1/2-1/2

[Event "Wch Rapid (Women)"]
[Site "St Petersburg"]
[Date "2018.12.28"]
[Round "10"]
[White "Aseeva, Marina"]
[Black "Alieva, Alexandra"]
[Result "1/2-1/2"]
[WhiteElo "2173"]
[BlackElo "2102"]
[PlyCount "77"]
[EventDate "2018.12.26"]
[EventType "swiss (rapid)"]
[EventRounds "12"]
[EventCountry "RUS"]
[SourceTitle "CBM 187 Extra"]
[Source "ChessBase"]
[SourceDate "2018.11.04"]
[SourceVersion "1"]
[SourceVersionDate "2018.11.04"]
[SourceQuality "1"]

1. e4 e5 2. Nf3 Nc6 3. d4 exd4 4. Nxd4 Nf6 5. Nc3 Nxe4 6. Nxe4 Qe7 7. Nb5 Qxe4+ 8. Be2 Bd6 9. Qxd6 Qxe2+ 10. Kxe2 cxd6 11. Nxd6+ Ke7 12. Bf4 Nd4+ 13. Kd2 Ne6 14. Bg3 b6 15. Rhe1 Ba6 16. c4 g5 17. b3 h5 18. Ne4 f6 19. h4 Kf7 20. Nd6+ Kg6 21. Kc3 Rab8 22. Rad1 Bb7 23. f3 Bc6 24. b4 b5 25. c5 Rbd8 26. a4 a6 27. a5 Nc7 28. Ne4 Nd5+ 29. Kb3 Rde8 30. Nc3 Nxc3 31. Kxc3 g4 32. fxg4 hxg4 33. Rd2 Rxe1 34. Bxe1 Re8 35. Bf2 g3 36. Bxg3 Re3+ 37. Rd3 Rxd3+ 38. Kxd3 Bxg2 39. Ke3 1/2-1/2

[Event "Wch Rapid (Women)"]
[Site "St Petersburg"]
[Date "2018.12.28"]
[Round "11"]
[White "Borisova, Ekaterina"]
[Black "Aseeva, Marina"]
[Result "1/2-1/2"]
[WhiteElo "2244"]
[BlackElo "2173"]
[PlyCount "125"]
[EventDate "2018.12.26"]
[EventType "swiss (rapid)"]
[EventRounds "12"]
[EventCountry "RUS"]
[SourceTitle "CBM 187 Extra"]
[Source "ChessBase"]
[SourceDate "2018.11.04"]
[SourceVersion "1"]
[SourceVersionDate "2018.11.04"]
[SourceQuality "1"]

1. d4 d5 2. c4 c6 3. Nf3 Nf6 4. g3 Bg4 5. Bg2 e6 6. Nc3 Nbd7 7. h3 Bxf3 8. Bxf3 dxc4 9. e4 Be7 10. 0-0 0-0 11. a4 c5 12. e5 Nd5 13. Nxd5 exd5 14. Bxd5 Nb6 15. Bxb7 Rb8 16. dxc5 Rxb7 17. cxb6 Qxb6 18. Qe2 Qe6 19. Re1 Rfb8 20. Qg4 Qxg4 21. hxg4 Rb3 22. Re4 Rc8 23. a5 a6 24. Kg2 Kf8 25. Ra4 Rb4 26. Ra2 Rd8 27. Be3 c3 28. Rxb4 Bxb4 29. bxc3 Bxc3 30. Bc5+ Ke8 31. f4 Rd5 32. Bb6 Rd3 33. Kf2 Kd7 34. Ra4 f6 35. exf6 Bxf6 36. Rc4 Rc3 37. Re4 Rc2+ 38. Kf3 Rc3+ 39. Kg2 Rc2+ 40. Kh3 Ra2 41. Rc4 Ra3 42. g5 Bc3 43. Kg4 Ke6 44. f5+ Kd5 45. Rc7 Be5 46. Rc5+ Kd6 47. Rc2 Rxg3+ 48. Kh4 Rd3 49. Bc7+ Kd5 50. Bxe5 Kxe5 51. Rc5+ Kd6 52. Rc4 Rd5 53. Kg4 Rxa5 54. Re4 Ra1 55. Re6+ Kd7 56. Rb6 Ra4+ 57. Kf3 Ke7 58. Rb7+ Kf8 59. Ke3 a5 60. Ra7 Rg4 61. Ra8+ Kf7 62. Ra7+ Kf8 63. Rxa5 1/2-1/2

[Event "Wch Rapid (Women)"]
[Site "St Petersburg"]
[Date "2018.12.26"]
[Round "4"]
[White "Aseeva, Marina"]
[Black "Petrova, Irina"]
[Result "1/2-1/2"]
[WhiteElo "2173"]
[BlackElo "2124"]
[PlyCount "102"]
[EventDate "2018.12.26"]
[EventType "swiss (rapid)"]
[EventRounds "12"]
[EventCountry "RUS"]
[SourceTitle "CBM 187 Extra"]
[Source "ChessBase"]
[SourceDate "2018.11.04"]
[SourceVersion "1"]
[SourceVersionDate "2018.11.04"]
[SourceQuality "1"]

1. e4 d6 2. d4 Nf6 3. Nc3 g6 4. Bg5 Bg7 5. Qd2 h6 6. Bf4 g5 7. Bg3 Nh5 8. 0-0-0 Nc6 9. Nge2 Bd7 10. Kb1 e6 11. f3 Nxg3 12. hxg3 Qf6 13. f4 0-0-0 14. e5 dxe5 15. dxe5 Qe7 16. Qe3 Kb8 17. Nc1 f6 18. Nd3 fxe5 19. fxe5 Nb4 20. Be2 Bc6 21. Bf3 Nd5 22. Nxd5 exd5 23. g4 Rhe8 24. Rhe1 Bb5 25. a3 c6 26. Nc5 b6 27. a4 Qxc5 28. Qxc5 bxc5 29. axb5 cxb5 30. Rxd5 Rxd5 31. Bxd5 Rxe5 32. Rxe5 Bxe5 33. Bc6 a6 34. b3 Kc7 35. Bd5 Kd6 36. c4 Bd4 37. Kc2 Ke5 38. Kd3 Kf4 39. Bb7 bxc4+ 40. Kxc4 Bf2 41. Bxa6 Kxg4 42. Bb7 Kg3 43. b4 cxb4 44. Kxb4 h5 45. Kc4 g4 46. Kd3 h4 47. Ke2 Bb6 48. Kf1 h3 49. gxh3 gxh3 50. Bc6 h2 51. Bd5 Kf4 1/2-1/2

[Event "Wch Rapid (Women)"]
[Site "St Petersburg"]
[Date "2018.12.26"]
[Round "1"]
[White "Tan, Zhongyi"]
[Black "Aseeva, Marina"]
[Result "1-0"]
[WhiteElo "2508"]
[BlackElo "2173"]
[PlyCount "81"]
[EventDate "2018.12.26"]
[EventType "swiss (rapid)"]
[EventRounds "12"]
[EventCountry "RUS"]
[SourceTitle "CBM 187 Extra"]
[Source "ChessBase"]
[SourceDate "2018.11.04"]
[SourceVersion "1"]
[SourceVersionDate "2018.11.04"]
[SourceQuality "1"]

1. d4 d5 2. c4 c6 3. Nf3 Nf6 4. Nc3 e6 5. Bg5 dxc4 6. e4 b5 7. e5 h6 8. Bh4 g5 9. Nxg5 hxg5 10. Bxg5 Be7 11. exf6 Bxf6 12. Bxf6 Qxf6 13. g3 Bb7 14. Bg2 Qe7 15. 0-0 Na6 16. a4 b4 17. Ne2 0-0-0 18. Qc2 Nc7 19. Qxc4 Nd5 20. Rac1 Kb8 21. a5 a6 22. Qc5 Qf6 23. Rc4 Qh6 24. h3 f5 25. Rxb4 Nxb4 26. Qxb4 Qf8 27. Qb3 Qd6 28. Rc1 Rc8 29. Nf4 Rhe8 30. Nd3 Ka8 31. Nc5 Re7 32. Qc4 Ka7 33. Qb4 Qd8 34. Rc3 Rb8 35. Nxb7 Rbxb7 36. Qc5+ Kb8 37. Qxc6 Qd7 38. Qxa6 e5 39. Bxb7 Qxb7 40. Qxb7+ Rxb7 41. dxe5 1-0

[Event "Wch Seniors 50 (Women) 28th"]
[Site "Bled"]
[Date "2018.11.25"]
[Round "7"]
[White "Grabuzova, Tatiana"]
[Black "Aseeva, Marina"]
[Result "1-0"]
[WhiteElo "2326"]
[BlackElo "2173"]
[PlyCount "109"]
[EventDate "2018.11.18"]
[EventType "swiss"]
[EventRounds "11"]
[EventCountry "SLO"]
[SourceTitle "CBM 187 Extra"]
[Source "ChessBase"]
[SourceDate "2018.11.04"]
[SourceVersion "1"]
[SourceVersionDate "2018.11.04"]
[SourceQuality "1"]

1. d4 d5 2. c4 e6 3. Nf3 c6 4. Qc2 Nf6 5. g3 dxc4 6. Qxc4 b5 7. Qd3 Bb7 8. Bg2 Nbd7 9. 0-0 Be7 10. Bd2 a5 11. Nc3 b4 12. Ne4 Ba6 13. Nxf6+ Nxf6 14. Qc2 0-0 15. Ne5 Bxe2 16. Nxc6 Qd7 17. Rfe1 Ba6 18. Nxe7+ Qxe7 19. Bxa8 Rxa8 20. Bg5 Bb7 21. Rac1 Qd7 22. Bxf6 gxf6 23. f3 Bxf3 24. Qf2 Bb7 25. Qxf6 Qd5 26. Kf2 Rd8 27. Qf4 Rd7 28. Rc5 Qg2+ 29. Ke3 f6 30. Re2 Qg1+ 31. Qf2 Qh1 32. Qxf6 Qe4+ 33. Kf2 Qg2+ 34. Ke3 Qe4+ 35. Kf2 Qg2+ 36. Ke1 Qg1+ 37. Qf1 Qxd4 38. Rg5+ Rg7 39. Rxg7+ Kxg7 40. Qf4 Qxf4 41. gxf4 Kf6 42. Re5 Bd5 43. a3 bxa3 44. bxa3 a4 45. Kd2 Bb3 46. Kc3 Bd5 47. Kb4 Bb3 48. Kc5 Bc2 49. Kd6 Bb3 50. Ra5 Bc2 51. Ra8 Bb3 52. Rf8+ Kg6 53. Ke5 Kh5 54. Rf7 Bc2 55. Rf6 1-0

[Event "Wch Seniors 50 (Women) 28th"]
[Site "Bled"]
[Date "2018.11.21"]
[Round "4"]
[White "Baliuniene, Margarita"]
[Black "Aseeva, Marina"]
[Result "1/2-1/2"]
[WhiteElo "1927"]
[BlackElo "2173"]
[PlyCount "83"]
[EventDate "2018.11.18"]
[EventType "swiss"]
[EventRounds "11"]
[EventCountry "SLO"]
[SourceTitle "CBM 187 Extra"]
[Source "ChessBase"]
[SourceDate "2018.11.04"]
[SourceVersion "1"]
[SourceVersionDate "2018.11.04"]
[SourceQuality "1"]

1. d4 d5 2. c4 e6 3. Nc3 c6 4. Nf3 Nf6 5. e3 Nbd7 6. cxd5 exd5 7. Bd3 Bd6 8. 0-0 0-0 9. Rb1 Re8 10. b4 Qe7 11. b5 c5 12. dxc5 Nxc5 13. Bc2 Rd8 14. h3 Nce4 15. Ne2 Bf5 16. Bb2 Rac8 17. Rc1 Bb8 18. Ned4 Bg6 19. Ne2 Qb4 20. Bxf6 Nxf6 21. Bxg6 hxg6 22. Ned4 Qd6 23. g3 Ne4 24. Qe2 Qd7 25. Kg2 g5 26. Nd2 Nc3 27. Qh5 Nxb5 28. Nxb5 Qxb5 29. Qxg5 Qd7 30. Nf3 Rc6 31. Rxc6 bxc6 32. Rc1 Rc8 33. Nd4 c5 34. Nf5 f6 35. Qg6 Kf8 36. Qh7 Qe6 37. Qxg7+ Ke8 38. Qh8+ Kd7 39. Qh7+ Kd8 40. Qh8+ Kd7 41. Qg7+ Ke8 42. Qh8+ 1/2-1/2

[Event "Pardubice Czech op-A 26th"]
[Site "Pardubice"]
[Date "2015.07.24"]
[Round "1"]
[White "Aseeva, Marina"]
[Black "Seliverstov, Vladimir"]
[Result "1/2-1/2"]
[WhiteElo "2184"]
[BlackElo "2420"]
[PlyCount "65"]
[EventDate "2015.07.24"]
[EventType "swiss"]
[EventRounds "9"]
[EventCountry "CZE"]
[SourceTitle "CBM 167 Extra"]
[Source "ChessBase"]
[SourceDate "2015.09.14"]
[SourceVersion "1"]
[SourceVersionDate "2015.09.14"]
[SourceQuality "1"]

1. e4 c5 2. Nf3 g6 3. h4 Bg7 4. h5 Nc6 5. Bc4 gxh5 6. Nc3 Nf6 7. e5 Ng4 8. Rxh5 Ngxe5 9. Nxe5 Bxe5 10. Rf5 e6 11. Qh5 Qe7 12. Rxe5 Nxe5 13. Qxe5 f6 14. Qh5+ Kd8 15. d3 d5 16. Bb3 Bd7 17. Bf4 b5 18. 0-0-0 b4 19. Bxd5 exd5 20. Nxd5 Qe8 21. Qh4 Qf7 22. Nxf6 Kc8 23. Ne4 Qd5 24. Nd6+ Kc7 25. Nf7+ Kb7 26. Nxh8 Rxh8 27. Re1 Qxg2 28. Re5 Rc8 29. Qxh7 Qf1+ 30. Kd2 Qxf2+ 31. Kd1 Qf1+ 32. Re1 Qf3+ 33. Re2 1/2-1/2

[Event "Albena op 19th"]
[Site "Albena"]
[Date "2011.07.02"]
[Round "8"]
[White "Aseeva, Marina"]
[Black "Lilov, Valeri"]
[Result "1/2-1/2"]
[WhiteElo "2199"]
[BlackElo "2412"]
[PlyCount "91"]
[EventDate "2011.06.25"]
[EventType "swiss"]
[EventRounds "9"]
[EventCountry "BUL"]
[SourceTitle "CBM 143 Extra"]
[Source "ChessBase"]
[SourceDate "2011.08.29"]
[SourceVersion "1"]
[SourceVersionDate "2011.08.29"]
[SourceQuality "1"]

1. e4 e5 2. Nf3 Nc6 3. d4 exd4 4. Nxd4 Bc5 5. Be3 Qf6 6. c3 Nge7 7. Bc4 Bb6 8. 0-0 Ne5 9. Be2 Qg6 10. Nd2 h5 11. a4 a6 12. a5 Ba7 13. Kh1 Ng4 14. Bf4 d6 15. h3 Ne5 16. Bh2 h4 17. f4 N5c6 18. f5 Qf6 19. N4f3 Qh6 20. b4 Bd7 21. Nb3 f6 22. Nfd4 g6 23. Bf4 Qh7 24. b5 Nxd4 25. Nxd4 gxf5 26. b6 cxb6 27. Nxf5 Nxf5 28. exf5 0-0 29. Qb3+ Kh8 30. axb6 Bb8 31. Ra5 Bc6 32. Bf3 Qd7 33. c4 d5 34. Bxb8 Raxb8 35. Bxd5 Rg8 36. Qf3 Rg5 37. Bxc6 bxc6 38. Rxa6 Rbg8 39. Ra7 Qd2 40. Rg1 Qd4 41. Qxc6 Rg3 42. Raa1 Qc3 43. Kh2 Qe5 44. Kh1 Qf4 45. Kh2 Qe5 46. Kh1 1/2-1/2

[Event "Albena op 19th"]
[Site "Albena"]
[Date "2011.06.30"]
[Round "6"]
[White "Sanduleac, Vasile"]
[Black "Aseeva, Marina"]
[Result "1-0"]
[WhiteElo "2424"]
[BlackElo "2199"]
[PlyCount "75"]
[EventDate "2011.06.25"]
[EventType "swiss"]
[EventRounds "9"]
[EventCountry "BUL"]
[SourceTitle "CBM 143 Extra"]
[Source "ChessBase"]
[SourceDate "2011.08.29"]
[SourceVersion "1"]
[SourceVersionDate "2011.08.29"]
[SourceQuality "1"]

1. e4 e5 2. Nf3 Nc6 3. Bc4 Nf6 4. d3 Bc5 5. c3 a6 6. Bb3 d6 7. h3 Ba7 8. Nbd2 0-0 9. Nc4 Ne7 10. Bg5 Ng6 11. Nh4 Nf4 12. Qf3 b5 13. Nd2 Ne6 14. Bxf6 Qxf6 15. Qxf6 gxf6 16. g3 Ng7 17. g4 Ne6 18. Ng2 Bb7 19. Ke2 Rfd8 20. Rad1 Kf8 21. Nf3 Nc5 22. Ne3 Nxb3 23. axb3 d5 24. Nxd5 Bxd5 25. exd5 Rxd5 26. Nd2 a5 27. Ne4 Ke7 28. Rhf1 h5 29. Ra1 Rad8 30. Rfd1 hxg4 31. hxg4 Rg8 32. Rg1 Rgd8 33. Rg3 Bb6 34. Rf3 c5 35. Rxf6 Bc7 36. Rc6 Bb8 37. Rxa5 Rxd3 38. Rxb5 1-0

[Event "Albena op 19th"]
[Site "Albena"]
[Date "2011.06.26"]
[Round "2"]
[White "Rodshtein, Maxim"]
[Black "Aseeva, Marina"]
[Result "1-0"]
[WhiteElo "2638"]
[BlackElo "2199"]
[PlyCount "91"]
[EventDate "2011.06.25"]
[EventType "swiss"]
[EventRounds "9"]
[EventCountry "BUL"]
[SourceTitle "CBM 143 Extra"]
[Source "ChessBase"]
[SourceDate "2011.08.29"]
[SourceVersion "1"]
[SourceVersionDate "2011.08.29"]
[SourceQuality "1"]

1. d4 d5 2. c4 c6 3. Nf3 Nf6 4. e3 e6 5. b3 Bb4+ 6. Nbd2 a5 7. a3 Bd6 8. Bd3 0-0 9. 0-0 Nbd7 10. Bb2 Re8 11. Ne5 Nf8 12. Qc2 N6d7 13. f4 f5 14. Ndf3 Nf6 15. Bc3 Ne4 16. b4 Ng6 17. c5 Bxe5 18. dxe5 a4 19. Bd4 Bd7 20. Qd1 Qb8 21. Bc2 Qa7 22. Ne1 Ne7 23. Nd3 Nc8 24. Nb2 Qa6 25. Nxa4 Qb5 26. Nb2 Qa6 27. Bd3 Qa7 28. a4 Qb8 29. Qc2 Qc7 30. b5 b6 31. cxb6 Nxb6 32. a5 Nc4 33. b6 Qb7 34. Nxc4 dxc4 35. Bxe4 fxe4 36. Qxc4 c5 37. Bxc5 Rec8 38. Rfc1 Ra6 39. Qd4 Bc6 40. Qd6 Bd5 41. Bb4 Raa8 42. Rc7 Rxc7 43. bxc7 Qc8 44. f5 h6 45. f6 gxf6 46. exf6 1-0

[Event "Albena op"]
[Site "Albena"]
[Date "2010.06.11"]
[Round "9"]
[White "Vydeslaver, Alik"]
[Black "Aseeva, Marina"]
[Result "1/2-1/2"]
[WhiteElo "2392"]
[BlackElo "2162"]
[PlyCount "138"]
[EventDate "2010.06.03"]
[EventType "swiss"]
[EventRounds "9"]
[EventCountry "BUL"]
[SourceTitle "CBM 136 Extra"]
[Source "ChessBase"]
[SourceDate "2010.07.02"]
[SourceVersion "2"]
[SourceVersionDate "2010.07.15"]
[SourceQuality "1"]

1. e4 e5 2. Nf3 Nc6 3. Bb5 a6 4. Bxc6 dxc6 5. 0-0 f6 6. d4 exd4 7. Nxd4 c5 8. Nb3 Qxd1 9. Rxd1 Bg4 10. f3 Be6 11. Bf4 c4 12. Nd4 0-0-0 13. Nc3 Bc5 14. Be3 Bf7 15. Nf5 Bxe3+ 16. Nxe3 Ne7 17. Kf2 b5 18. Rxd8+ Rxd8 19. Rd1 Rxd1 20. Ncxd1 Kd7 21. a3 Nc6 22. Ke2 Nd4+ 23. Kd2 a5 24. h4 b4 25. axb4 axb4 26. Nf2 Kd6 27. c3 Nb3+ 28. Kd1 Ke5 29. g3 Be6 30. f4+ Kd6 31. cxb4 Kc6 32. Kc2 Nd4+ 33. Kd2 Kb5 34. Nc2 Nxc2 35. Kxc2 Kxb4 36. Nd1 Bd7 37. Kd2 Kb3 38. Kc1 Kb4 39. Kd2 Kb3 40. e5 fxe5 41. fxe5 Be6 42. Kc1 Kb4 43. Nc3 Kc5 44. Kd2 Kd4 45. Nb5+ Kxe5 46. Nxc7 Bd7 47. Ke3 Bc6 48. Na6 h6 49. Nb4 Ba4 50. Na2 g5 51. hxg5 hxg5 52. Nc3 Bc6 53. Ne2 g4 54. Nc3 Bb7 55. Nb1 Bc6 56. Na3 Bd5 57. Nb5 Bc6 58. Nd4 Bb7 59. Ne2 Bc6 60. Nc3 Bb7 61. Nd1 Bc6 62. Kd2 Kd4 63. Ne3 Bd7 64. Nc2+ Ke4 65. Ne3 Kd4 66. Ke2 c3 67. bxc3+ Kxc3 68. Nd5+ Kd4 69. Nf6 Ke5 1/2-1/2

[Event "Albena op"]
[Site "Albena"]
[Date "2010.06.06"]
[Round "4"]
[White "Aseeva, Marina"]
[Black "Voiska, Margarita"]
[Result "1/2-1/2"]
[WhiteElo "2162"]
[BlackElo "2320"]
[PlyCount "61"]
[EventDate "2010.06.03"]
[EventType "swiss"]
[EventRounds "9"]
[EventCountry "BUL"]
[SourceTitle "CBM 136 Extra"]
[Source "ChessBase"]
[SourceDate "2010.07.02"]
[SourceVersion "2"]
[SourceVersionDate "2010.07.15"]
[SourceQuality "1"]

1. e4 c5 2. Nf3 Nc6 3. d4 cxd4 4. Nxd4 e5 5. Nb5 d6 6. N1c3 a6 7. Na3 Be7 8. Nc4 b5 9. Ne3 Nf6 10. f3 0-0 11. a4 b4 12. Ncd5 Nxd5 13. Nxd5 Bh4+ 14. g3 Bg5 15. Bc4 Bxc1 16. Qxc1 Nd4 17. 0-0 Be6 18. c3 bxc3 19. bxc3 Bxd5 20. cxd4 Bxc4 21. Qxc4 Qa5 22. Rfc1 h5 23. dxe5 dxe5 24. Qc5 Qd2 25. Rc2 Qg5 26. f4 Qg6 27. Qxe5 Rfe8 28. Qf5 Qb6+ 29. Qc5 Qe6 30. Qd5 Qb6+ 31. Qc5 1/2-1/2

[Event "Albena op"]
[Site "Albena"]
[Date "2010.06.04"]
[Round "2"]
[White "Aseeva, Marina"]
[Black "Chervenkov, Dinko"]
[Result "1-0"]
[WhiteElo "2162"]
[BlackElo "1833"]
[PlyCount "97"]
[EventDate "2010.06.03"]
[EventType "swiss"]
[EventRounds "9"]
[EventCountry "BUL"]
[SourceTitle "CBM 136 Extra"]
[Source "ChessBase"]
[SourceDate "2010.07.02"]
[SourceVersion "2"]
[SourceVersionDate "2010.07.15"]
[SourceQuality "1"]

1. e4 g6 2. d4 Bg7 3. h4 h5 4. Nc3 d6 5. Be3 Nf6 6. f3 Nc6 7. Qd2 a6 8. Nh3 e5 9. d5 Ne7 10. 0-0-0 Bd7 11. Ng5 Neg8 12. g3 Nh6 13. Kb1 b5 14. a3 Qb8 15. Na2 a5 16. b3 Nfg8 17. Bh3 Bxh3 18. Rxh3 Qc8 19. Rhh1 Nf6 20. Nc1 Nd7 21. Qe2 Qb7 22. g4 Nf6 23. gxh5 Nxh5 24. Qd2 b4 25. a4 Bf8 26. Nd3 Ng8 27. Rhg1 Be7 28. Qg2 Nh6 29. Qd2 Ng8 30. f4 exf4 31. Bd4 Bf6 32. Bxf6 Nhxf6 33. Qxf4 c5 34. dxc6 Qxc6 35. Nb2 Qc5 36. Nc4 Rd8 37. Rge1 Rd7 38. Nxd6+ Kf8 39. Ndxf7 Rxf7 40. Nxf7 Kxf7 41. e5 Kg7 42. exf6+ Nxf6 43. Qg5 Rh5 44. Qxc5 Rxc5 45. Re7+ Kh6 46. Rd6 Rf5 47. Rf7 Ne4 48. Rxf5 Nxd6 49. Rxa5 1-0

[Event "Soukhumi op"]
[Site "Soukhumi"]
[Date "2007.08.06"]
[Round "4"]
[White "Masich, Vladimir"]
[Black "Aseeva, Marina"]
[Result "1-0"]
[WhiteElo "2051"]
[BlackElo "2151"]
[PlyCount "88"]
[EventDate "2007.08.03"]
[EventType "swiss"]
[EventRounds "9"]
[EventCountry "RUS"]
[SourceTitle "EXT 2009"]
[Source "ChessBase"]
[SourceDate "2008.11.26"]
[SourceVersion "1"]
[SourceVersionDate "2008.11.26"]
[SourceQuality "1"]

1. e4 e5 2. Nf3 Nc6 3. Bb5 a6 4. Ba4 Nf6 5. 0-0 Be7 6. Bxc6 dxc6 7. d3 Nd7 8. Nbd2 f6 9. Nc4 Nf8 10. Nh4 g6 11. Bd2 Be6 12. Na5 Rb8 13. Bc3 Qd6 14. Nf3 c5 15. Nc4 Bxc4 16. dxc4 Qxd1 17. Rfxd1 Ne6 18. Bd2 Kf7 19. c3 Rhd8 20. Be3 Rxd1+ 21. Rxd1 Rd8 22. Rxd8 Nxd8 23. Ne1 Ke6 24. Nd3 b6 25. Kf1 Nb7 26. b3 f5 27. f3 Bg5 28. Ke2 Bxe3 29. Kxe3 f4+ 30. Kf2 g5 31. g3 h5 32. h4 fxg3+ 33. Kxg3 Kf6 34. hxg5+ Kxg5 35. b4 cxb4 36. cxb4 c6 37. a4 a5 38. c5 bxc5 39. bxa5 c4 40. Nc1 Nd6 41. a6 Nc8 42. Ne2 Na7 43. Kg2 c3 44. Nxc3 Kf4 1-0

[Event "Soukhumi op"]
[Site "Soukhumi"]
[Date "2007.08.04"]
[Round "2"]
[White "Karagodin, Vladimir A"]
[Black "Aseeva, Marina"]
[Result "0-1"]
[WhiteElo "2273"]
[BlackElo "2151"]
[PlyCount "92"]
[EventDate "2007.08.03"]
[EventType "swiss"]
[EventRounds "9"]
[EventCountry "RUS"]
[SourceTitle "EXT 2009"]
[Source "ChessBase"]
[SourceDate "2008.11.26"]
[SourceVersion "1"]
[SourceVersionDate "2008.11.26"]
[SourceQuality "1"]

1. d4 d5 2. c4 c6 3. Nf3 Nf6 4. Nc3 e6 5. e3 Nbd7 6. Bd3 Bd6 7. 0-0 0-0 8. Re1 dxc4 9. Bxc4 e5 10. h3 b5 11. Bd3 h6 12. Qc2 Bb7 13. Ne4 Nxe4 14. Bxe4 Qb6 15. Bf5 Rad8 16. Bxd7 Rxd7 17. dxe5 Bb4 18. Bd2 Bxd2 19. Nxd2 c5 20. Re2 c4 21. Qf5 Rfd8 22. Nf3 Bxf3 23. gxf3 b4 24. Kg2 Qa5 25. Qe4 c3 26. f4 Rd2 27. Rxd2 cxd2 28. Rd1 Qa4 29. b3 Qxa2 30. e6 fxe6 31. Qxe6+ Kh8 32. Qc4 Qa5 33. f3 Qb6 34. Kf2 a5 35. Qc2 Qd6 36. Ke2 Qa6+ 37. Qc4 Qxc4+ 38. bxc4 a4 39. Rxd2 Ra8 40. c5 a3 41. c6 a2 42. c7 a1Q 43. Rd8+ Kh7 44. Rb8 Qa6+ 45. Kf2 Qc8 46. Rxb4 Qxc7 0-1

[Event "St Petersburg White Nights op"]
[Site "St Petersburg"]
[Date "2007.07.01"]
[Round "7"]
[White "Karalkin, Maksim"]
[Black "Aseeva, Marina"]
[Result "0-1"]
[WhiteElo "2388"]
[BlackElo "2150"]
[PlyCount "55"]
[EventDate "2007.06.25"]
[EventType "swiss"]
[EventRounds "9"]
[EventCountry "RUS"]
[SourceTitle "CBM 119 Extra"]
[Source "ChessBase"]
[SourceDate "2007.09.04"]
[SourceVersion "1"]
[SourceVersionDate "2007.09.04"]
[SourceQuality "1"]

1. e4 e5 2. Nf3 Nc6 3. Bb5 a6 4. Ba4 Nf6 5. 0-0 Be7 6. Re1 b5 7. Bb3 0-0 8. d4 Nxd4 9. Nxd4 exd4 10. e5 Ne8 11. c3 dxc3 12. Nxc3 c6 13. Qf3 d5 14. exd6 Bxd6 15. Qxc6 Rb8 16. Ne4 Bb7 17. Qc2 Bb4 18. Bg5 Qb6 19. Re3 Nd6 20. Nf6+ gxf6 21. Bxf6 Ne4 22. Be5 Rbc8 23. Qe2 Qg6 24. Qf3 Bd2 25. Rd3 Nc5 26. Bd5 Nxd3 27. Bxb7 Nxe5 28. Qd5 0-1

[Event "St Petersburg White Nights op"]
[Site "St Petersburg"]
[Date "2007.06.28"]
[Round "4"]
[White "Aseeva, Marina"]
[Black "Akimov, Dmitry"]
[Result "0-1"]
[WhiteElo "2150"]
[BlackElo "2238"]
[PlyCount "114"]
[EventDate "2007.06.25"]
[EventType "swiss"]
[EventRounds "9"]
[EventCountry "RUS"]
[SourceTitle "CBM 119 Extra"]
[Source "ChessBase"]
[SourceDate "2007.09.04"]
[SourceVersion "1"]
[SourceVersionDate "2007.09.04"]
[SourceQuality "1"]

1. e4 e5 2. Nf3 Nc6 3. Bb5 Nge7 4. d4 exd4 5. Nxd4 Ng6 6. Be3 Be7 7. Nc3 0-0 8. Qd2 Nxd4 9. Qxd4 d6 10. f4 f5 11. Bc4+ Kh8 12. exf5 Bxf5 13. 0-0-0 c6 14. h3 d5 15. Be2 Be6 16. Bg4 Bg8 17. g3 c5 18. Qa4 a6 19. Nxd5 Bxd5 20. Bf3 Bxf3 21. Rxd8 Rfxd8 22. Re1 Rd5 23. c4 Rd3 24. Bd2 Rad8 25. Bc3 Rd1+ 26. Rxd1 Rxd1+ 27. Kc2 Rd8 28. Qa5 Rd7 29. Qb6 Bc6 30. Bd2 Nf8 31. Qa7 Ne6 32. Qb8+ Rd8 33. Qe5 Nd4+ 34. Kc1 Bd6 35. Qg5 Re8 36. h4 Be4 37. h5 h6 38. Qg4 Bf5 39. Qh4 Nf3 40. Qh1 Bg4 41. Bc3 b5 42. Qd1 Rd8 43. Qe2 b4 44. Be1 Bxh5 45. Bf2 Bf8 46. Be3 Bg4 47. Qf2 Nd4 48. Qg2 Ne2+ 49. Kc2 Bf5+ 50. Kb3 Rd3+ 51. Ka4 Rxe3 52. g4 Bd7+ 53. Ka5 Nxf4 54. Qf2 Re4 55. b3 Bd6 56. Qf3 Bc7+ 57. Kxa6 Bc6 0-1

[Event "St Petersburg-ch (Women)"]
[Site "St Petersburg"]
[Date "2007.03.06"]
[Round "7.6"]
[White "Korchagina, Victoria"]
[Black "Aseeva, Marina"]
[Result "1/2-1/2"]
[WhiteElo "2123"]
[BlackElo "2150"]
[PlyCount "100"]
[EventDate "2007.02.24"]
[EventType "swiss"]
[EventRounds "9"]
[EventCountry "RUS"]
[SourceTitle "CBM 117 Extra"]
[Source "ChessBase"]
[SourceDate "2007.05.09"]
[SourceVersion "1"]
[SourceVersionDate "2007.05.09"]
[SourceQuality "1"]

1. e4 e5 2. Nf3 Nc6 3. Bb5 a6 4. Ba4 Nf6 5. 0-0 Nxe4 6. d4 b5 7. Bb3 d5 8. dxe5 Be6 9. Nbd2 Nc5 10. c3 d4 11. Ng5 Qxg5 12. Qf3 0-0-0 13. Qxc6 Qxe5 14. cxd4 Qxd4 15. Bxe6+ fxe6 16. Qa8+ Kd7 17. Qf3 Qd5 18. Qe3 Bd6 19. Nf3 h6 20. b4 Na4 21. Bd2 Kc8 22. Bc3 Nxc3 23. Qxc3 g5 24. Rfd1 Qc4 25. Qe3 Bxb4 26. Ne5 Qc5 27. Qe4 Rd5 28. Rac1 Qd6 29. Rxd5 Qxd5 30. Qxb4 Qxe5 31. a4 Rd8 32. h3 Kb7 33. axb5 axb5 34. g3 Kb6 35. Re1 Qd5 36. Qe7 Rd6 37. Qf8 b4 38. Qb8+ Qb7 39. Qf8 b3 40. Qxh6 Qd5 41. Qh8 Qd2 42. Rb1 Kc5 43. Qb8 Rb6 44. Qxc7+ Rc6 45. Qa7+ Rb6 46. Qe7+ Rd6 47. Qc7+ Rc6 48. Qa7+ Rb6 49. Qe7+ Rd6 50. Qa7+ Rb6 1/2-1/2